Impuestos diferidos (ISR y IETU) Determinacin̤ prc̀tica de la aplicacin̤ NIF-D4 /

Bibliographic Details
Main Author: Přez Chavez, Još
Other Authors: Fol Olguin, Raymundo
Format: Unknown
Language:Spanish
Published: Mx̌ico : Tax Editores, 2009
Subjects:
Online Access:Acceso restringido

MARC

LEADER 00000ny a22000003n 4500
005 20110525113532.0
008 100325s mx 000 0 spa d
020 |a 9786074400342 
035 |a 4710 
040 |a BUS  |d vLex 
090 |c 261  |d 261 
100 1 |a Přez Chavez, Još 
245 1 0 |a Impuestos diferidos (ISR y IETU)  |h [Recurso electrn̤ico]  |b Determinacin̤ prc̀tica de la aplicacin̤ NIF-D4 /  |c Jos ̌Přez Chavez ; Raymundo Fol Olguin  
256 |a Servicio en ln̕ea 
260 |a Mx̌ico :  |b Tax Editores,  |c 2009 
300 |a v. 
506 1 |a Contenido solo disponible en los productos indicados  |d vLex Global  |d vLex Global (Academic Edition, excluding Law Schools)  |d vLex Global (U.S. Academic Edition, Law Schools)  |d vLex Global (U.S. Academic Edition, excluding Law Schools)  |d vLex Global (Academic Edition, Law Schools) 
650 0 4 |a Impuesto 
700 1 |a Fol Olguin, Raymundo 
740 0 |a vLex Libros (Servicios en ln̕ea) 
856 4 0 |u http://vlex.com/source/4710  |z Acceso restringido 
942 |c BOOK 
999 0 |a Taxation   |b Mx̌ico